00490ntaaa2200169 45000030003000000050017000030080021000200400037000410820018000781000020000962450016001162500010001322600025001423000010001675000118001776500025002950120251027202600.00714s1973 ag 01  aAR-BaBNbspacAR-BaBNeaacrdRIC a309.1820 G67f aGori, Gastón  aLa forestal a1 ed. aBuenos Aires, c1974 a261 p aNueva versión revisada y corregida por el autor.Estudio de las actuaciones de la empresa denominada La Forestal asociologia argentina